000 00394nam a22001697a 4500
003 OSt
008 240403b |||||||| |||| 00| 0 eng d
020 _a9789393159106
082 _a579 SAM
100 _aSAGAR, G. VIDYA
245 _aMCQ IN MICROBIOLOGY
250 _a2nd
260 _aNew Delhi
_bNew Age
_c2022
300 _a91
650 _aPHARMACEUTICAL MICROBIOLOGY
942 _2ddc
_cBK
999 _c12388
_d12388